000 00693nam a2200205Ia 4500
003 GCL
008 140319s9999 xx 000 0 ara d
040 _aGCL /
_cGCL
082 0 4 _a920
_bهـ ا
100 1 _aعلى اسماعيل
245 1 0 _aابن هرمة القرشى: بين الدولتين الاموية والعباسية /
_cعلى اسماعيل
260 _a[S.N] :
_bالهيئة المصرية العامة للكتاب ،
_c1990
300 _a246 ص ؛
_c246سم
490 _aاعلام العرب
_v0
650 0 4 _aالتراجم الادبية
650 0 4 _aالتراجم
650 0 4 _aالشعراء
650 0 4 _aابن هرمة القرشى
942 _2ddc
_cBK
999 _c28573
_d28573